| 000 | 00712nam a22002292 4500 | ||
|---|---|---|---|
| 001 | 0000023552 | ||
| 005 | 20151217152244.0 | ||
| 008 | 130228s xx 000 0 eng d | ||
| 020 | _a0123746399 : | ||
| 040 |
_aKABU _cKABU |
||
| 100 | 1 |
_aDa Rosa, Aldo Vieira. _@0000182999 |
|
| 245 | 1 | 0 |
_aFundamentals of renewable energy processes / _cAldo Vieira da Rosa. |
| 250 | _a2rd ed. | ||
| 260 |
_aLondon : _bElsevier, _c2005. |
||
| 300 | _axix, 844 p. | ||
| 650 | 0 |
_aRenewable energy sources. _@0000164966 |
|
| 650 | 0 |
_aPower (Mechanics) _@0000183000 |
|
| 650 | 0 |
_aEnvironmental engineering. _@0000156200 |
|
| 852 | 1 | _9p3459 KES | |
| 908 | _a130228 | ||
| 950 | _@1 | ||
| 999 |
_c9861 _d9861 |
||